00837cam a22002411a 4500001001300000003000400013005001700017008004100034010001700075035001900092040004800111042001200159043002100171050001700192110007000209245006500279260005300344300002800397610007000425710002400495740005900519999001700578pa 63000007 DLC20260227111856.0781208s1962 dcua 000 0 spa c apa 63000007  a(OCoLC)4433092 aPan American Union. LibrarycMChBdIENdDLC apremarc an-us---acl-----00aF1403.3b.C82 aOrganization of American States.bDepartment of Cultural Affairs.13aLa OEA y la cultura:bel Departamento de Asuntos Culturales. aWashington, D.C. :bUnión Panamericana,c1962. a48 p. :bill. ;c22 cm.20aOrganization of American States.bDepartment of Cultural Affairs.2 aPan American Union.0 aOrganización de los Estados Americanos y la cultura. c51505d51505